01213cam a22003257a 4500003000500000005001700005008004100022010001000063011001000073035001000083040000900093090001600102100003400118245007800152260002800230300002600258490001500284590004100299590004100340590004100381590004200422650004900464711013400513830002300647901000700670942000900677949005000686999001700736952013400753CHAP20220329135619.0971013s r 00010 d a39329 a40301 a44426 cCHAP aFolleto 30800aMonroy Leyva, Eugenio.977652 0aMétodo para el sistema de teleproceso para los ferrocarriles nacionales a(s.l. :bs.e.),c(s.a.) a74 p.b; mapas diagrs 0aSocs. 26-A aBATCH-UPDb10c20130110lUCH01h1210 aBATCH-UPDb10c20130410lUCH01h0749 aBATCH-UPDb10c20130914lUCH01h1937 aCONVERSIONb10c20130109lUCH01h132214aProcesamiento electrónico de datos.9918190 aCongreso Latinoamericano sobre la Computación Electrónica en la Enseñanza Profesionaln(1 :d1964 :cMéxico, D.F.)9268320 aSocs. 26-A9108256 aBK cFOLL aFolleto 308bBCcFOLLd-101764eTS1i44426si c39329d39329 00102local4051708FOLLaBCbBCcPA_FOLLETOSd2012-12-17fFOLLl0oFolleto 308p-101764r2019-12-31 00:00:00w2012-12-17yFOLL